[Event "SR 1. liga zapad 2012/2013"]
[Site "?"]
[Date "2012.10.21"]
[Round "2.3"]
[White "Gasa, Andrej"]
[Black "Berek, Geza"]
[Result "1-0"]
[WhiteElo "2282"]
[BlackElo "2158"]
[PlyCount "49"]
[EventDate "2012.??.??"]

1. e4 g6 2. d4 Bg7 3. Nc3 d6 4. f4 a6 5. Nf3 b5 6. Bd3 Nd7 7. e5 Bb7 8. O-O c5
9. Be4 Bxe4 10. Nxe4 cxd4 11. exd6 Qb6 12. Ne5 Ra7 13. Nxd7 Rxd7 14. f5 Nf6 15.
Nxf6+ Bxf6 16. dxe7 Rxe7 17. Qf3 d3+ 18. Kh1 dxc2 19. Bh6 Qb7 20. Qf2 Bxb2 21.
Rae1 c1=Q 22. Rxe7+ Kxe7 23. Bxc1 Bxc1 24. Qc5+ Kd8 25. Qd4+ 1-0

[Event "SR 1. liga zapad 2012/2013"]
[Site "?"]
[Date "2012.10.21"]
[Round "2.3"]
[White "Hanzluvka, Peter"]
[Black "Nagy, Attilla"]
[Result "1-0"]
[WhiteElo "2032"]
[BlackElo "1868"]
[PlyCount "93"]
[EventDate "2012.??.??"]

1. e4 c5 2. Nf3 Nc6 3. d4 cxd4 4. Nxd4 Nf6 5. Nc3 e5 6. Ndb5 d6 7. Bg5 a6 8.
Bxf6 gxf6 9. Na3 b5 10. Nd5 f5 11. c3 fxe4 12. Bxb5 axb5 13. Nxb5 Be6 14. Nbc7+
Kd7 15. Nxa8 Bxd5 16. Qxd5 Qxa8 17. Qxf7+ Be7 18. Qf5+ Kc7 19. Qxe4 Qa6 20. Qe2
Qb7 21. O-O-O Ra8 22. Qc4 Qa7 23. f4 Qe3+ 24. Kb1 Qxf4 25. Qxf4 exf4 26. Rhf1
Rf8 27. Kc2 Ne5 28. Rd4 f3 29. gxf3 Nxf3 30. Re4 Kd7 31. Kd1 Rf6 32. h3 Ng5 33.
Rxf6 Bxf6 34. Rh4 d5 35. Rh5 Ke6 36. a4 Bd8 37. Rh6+ Ke5 38. b4 d4 39. cxd4+
Kd5 40. a5 Bc7 41. Rh5 Kc4 42. Rxg5 Kxb4 43. a6 Bb6 44. Kc2 Kc4 45. Rh5 h6 46.
Rxh6 Kb5 47. Rxb6+ 1-0

[Event "SR 1. liga zapad 2012/2013"]
[Site "?"]
[Date "2012.10.21"]
[Round "2.3"]
[White "Jozefek, Michal"]
[Black "Barczi, Tibor"]
[Result "1/2-1/2"]
[WhiteElo "2060"]
[BlackElo "2070"]
[PlyCount "76"]
[EventDate "2012.??.??"]

1. d4 d5 2. c4 e6 3. Nc3 Nf6 4. cxd5 exd5 5. Bg5 Be7 6. e3 O-O 7. Bd3 c6 8.
Nge2 Bg4 9. Qc2 Bxe2 10. Bxe2 Ne4 11. Bf4 f5 12. O-O Nd7 13. Bd3 g5 14. Be5
Nxe5 15. dxe5 Qb6 16. Rae1 Rae8 17. f3 Nxc3 18. bxc3 Bc5 19. Bxf5 Rxe5 20.
Bxh7+ Kh8 21. Kh1 Bxe3 22. Qg6 Qc7 23. Qh6 Qe7 24. Be4+ Kg8 25. Rxe3 dxe4 26.
Rfe1 Rf6 27. Qh5 Rfe6 28. Rxe4 Rxe4 29. fxe4 Kg7 30. h3 Rh6 31. Qe2 Qe6 32. Kg1
Qe5 33. Qe3 Rh4 34. Qxa7 Qxc3 35. Qxb7+ Kg6 36. Qb1 Rxh3 37. e5+ Kh6 38. gxh3
Qg3+ 1/2-1/2

[Event "SR 1. liga zapad 2012/2013"]
[Site "?"]
[Date "2012.10.21"]
[Round "2.3"]
[White "Szegi, Tamas"]
[Black "Plachetka, Jan"]
[Result "0-1"]
[WhiteElo "2228"]
[BlackElo "2355"]
[PlyCount "54"]
[EventDate "2012.??.??"]

1. e4 c5 2. Nf3 d6 3. c3 Nf6 4. Be2 g6 5. O-O Bg7 6. Re1 O-O 7. Bf1 Nc6 8. h3
b6 9. d4 e5 10. dxc5 dxc5 11. Nbd2 h6 12. a4 Qc7 13. Qc2 Rd8 14. Nc4 Be6 15.
Be3 Nh5 16. a5 b5 17. Na3 a6 18. b4 Bf8 19. Qc1 Nf4 20. g3 Nd3 21. Bxd3 Rxd3
22. c4 cxb4 23. cxb5 axb5 24. Nxe5 Qxe5 25. Qxc6 Rxa5 26. Nc2 Rxa1 27. Rxa1 Rc3
0-1

[Event "SR 1. liga zapad 2012/2013"]
[Site "?"]
[Date "2012.10.21"]
[Round "2.4"]
[White "Bagi, Mate"]
[Black "Motuz, Karol"]
[Result "1/2-1/2"]
[WhiteElo "2349"]
[BlackElo "2397"]
[PlyCount "122"]
[EventDate "2012.??.??"]

1. e4 c5 2. Nf3 d6 3. d4 cxd4 4. Nxd4 Nf6 5. Nc3 Nc6 6. Bg5 Bd7 7. Qd2 Rc8 8.
O-O-O Nxd4 9. Qxd4 Qa5 10. Bxf6 gxf6 11. Kb1 Rg8 12. f4 h5 13. f5 Bh6 14. g3 h4
15. Bc4 Qc5 16. Qxc5 Rxc5 17. Bb3 Rg4 18. gxh4 Rxh4 19. Rdg1 Bg5 20. h3 Kf8 21.
Rg4 Rxg4 22. hxg4 Kg7 23. Rd1 Rc8 24. Nd5 Re8 25. a3 Bc6 26. Ka2 Bh4 27. Rh1
Bg3 28. Rg1 Be5 29. g5 fxg5 30. Rxg5+ Kf8 31. Rg4 Rc8 32. c3 b5 33. Nb4 Bd7 34.
Nd3 Bf6 35. Nf4 Be5 36. Nd3 Bg7 37. Nf4 a5 38. Kb1 a4 39. Ba2 Re8 40. Kc2 Be5
41. Nd3 Bf6 42. Nf4 e6 43. fxe6 fxe6 44. Rg1 Kf7 45. Rh1 Rg8 46. Rh7+ Rg7 47.
Rxg7+ Bxg7 48. Kd3 Bh6 49. Ne2 Kf6 50. Nd4 Bf4 51. Nf3 Be8 52. Nd4 Bd7 53. Nf3
Bc1 54. Kc2 Bh6 55. Kd3 Bc1 56. Kc2 Bf4 57. Kd3 d5 58. exd5 e5 59. Nd2 Bf5+ 60.
Ne4+ Bxe4+ 61. Kxe4 Bc1 1/2-1/2

[Event "SR 1. liga zapad 2012/2013"]
[Site "?"]
[Date "2012.10.21"]
[Round "2.4"]
[White "Balogh, Peter"]
[Black "Kvassay, Peter"]
[Result "1/2-1/2"]
[WhiteElo "2013"]
[BlackElo "2028"]
[PlyCount "60"]
[EventDate "2012.??.??"]

1. e4 Nf6 2. Nc3 e5 3. f4 d5 4. fxe5 Nxe4 5. d3 Nxc3 6. bxc3 d4 7. Nf3 Nc6 8.
Be2 Be7 9. O-O O-O 10. Qe1 f6 11. exf6 Rxf6 12. Bb2 Bc5 13. Kh1 Be6 14. Nd2
Rxf1+ 15. Bxf1 Qd7 16. Ne4 Be7 17. Qg3 Bf5 18. cxd4 Nxd4 19. Qe5 Bxe4 20. dxe4
Bf6 21. Qg3 Qe7 22. Rd1 c5 23. Bc4+ Kh8 24. Bxd4 cxd4 25. Qf3 Rc8 26. Bd3 g6
27. Qh3 Re8 28. Rf1 Kg7 29. Qf3 Rf8 30. g3 Be5 1/2-1/2

[Event "SR 1. liga zapad 2012/2013"]
[Site "?"]
[Date "2012.10.21"]
[Round "2.4"]
[White "Baranek, Jozef"]
[Black "Jakubek, Peter"]
[Result "1/2-1/2"]
[WhiteElo "2131"]
[BlackElo "2136"]
[PlyCount "143"]
[EventDate "2012.??.??"]

1. g3 f5 2. d4 Nf6 3. Bg2 e6 4. Nf3 d5 5. O-O Bd6 6. c4 c6 7. Qc2 O-O 8. b3 Qe7
9. a4 Nbd7 10. Ba3 Ne4 11. Bxd6 Qxd6 12. Nc3 Ndf6 13. c5 Qe7 14. Ne5 Nd7 15.
Nxd7 Bxd7 16. Nxe4 fxe4 17. f3 Be8 18. fxe4 Bg6 19. Qd2 dxe4 20. Qe3 Rxf1+ 21.
Rxf1 Re8 22. Rd1 e5 23. d5 cxd5 24. Rxd5 Qf7 25. Rd1 h6 26. h4 a5 27. Rd6 Bf5
28. Kh2 Qc7 29. Bxe4 Bxe4 30. Qxe4 Qxc5 31. Qd5+ Qxd5 32. Rxd5 b6 33. Kg2 Kf7
34. Kf3 Re6 35. Ke4 Kf6 36. h5 Re8 37. Rb5 Re6 38. e3 Re7 39. Rxb6+ Kg5 40. Rb5
Kxh5 41. Kf3 g5 42. Rxa5 e4+ 43. Ke2 Kg4 44. b4 Kxg3 45. Rc5 Ra7 46. a5 Kg4 47.
Re5 h5 48. Rxe4+ Kg3 49. Re5 Kg4 50. Kf2 h4 51. Rd5 Rf7+ 52. Kg1 Rc7 53. a6
Rc1+ 54. Kf2 Rc2+ 55. Ke1 h3 56. a7 Rc8 57. Kf2 Rc2+ 58. Kg1 h2+ 59. Kh1 Kh3
60. Rd1 Ra2 61. b5 Rxa7 62. b6 Rb7 63. Rd6 Kg3 64. e4 Kf4 65. Re6 Rd7 66. Kxh2
Rd2+ 67. Kg1 g4 68. Rg6 Kf3 69. Rf6+ Kxe4 70. b7 Rb2 71. Rf7 Kd5 72. Rg7
1/2-1/2

[Event "SR 1. liga zapad 2012/2013"]
[Site "?"]
[Date "2012.10.21"]
[Round "2.4"]
[White "Chovanec, Milan"]
[Black "Janko, Zoltan"]
[Result "1/2-1/2"]
[WhiteElo "2153"]
[BlackElo "2283"]
[PlyCount "106"]
[EventDate "2012.??.??"]

1. e4 e5 2. Nf3 Nc6 3. Bb5 Nf6 4. d3 d6 5. Nbd2 a6 6. Ba4 b5 7. Bb3 Be7 8. c3
O-O 9. Nf1 d5 10. Ng3 Bg4 11. h3 Be6 12. O-O Na5 13. Nxe5 Nxb3 14. Nc6 Qd7 15.
Nxe7+ Qxe7 16. axb3 dxe4 17. dxe4 Rfd8 18. Qc2 c5 19. Be3 c4 20. b4 Rd3 21.
Rfd1 Rxe3 22. fxe3 Nd7 23. Nf5 Qg5 24. Qf2 Ne5 25. Qg3 Qxg3 26. Nxg3 Nd3 27.
Rd2 g6 28. Nh1 Bd7 29. Nf2 Ne5 30. Rd5 f6 31. Rd6 Kg7 32. Raxa6 Rf8 33. Ra7 Rf7
34. Rb6 h5 35. Kf1 g5 36. Ke1 g4 37. hxg4 hxg4 38. Kd2 Kg6 39. g3 Rh7 40. Rbb7
Rh2 41. Ke2 Nd3 42. Rxd7 Rxf2+ 43. Kd1 Rf1+ 44. Kc2 Rf2+ 45. Kb1 Rf1+ 46. Ka2
Ne5 47. Rg7+ Kh6 48. Rh7+ Kg5 49. Rag7+ Ng6 50. Rh8 f5 51. Rhg8 f4 52. Rxg6+
Kh5 53. exf4 Ra1+ 1/2-1/2

[Event "SR 1. liga zapad 2012/2013"]
[Site "?"]
[Date "2012.10.21"]
[Round "2.4"]
[White "Kukel, Imre 1985"]
[Black "Bombek, Peter"]
[Result "0-1"]
[WhiteElo "2260"]
[BlackElo "2264"]
[PlyCount "38"]
[EventDate "2012.??.??"]

1. e4 e6 2. d4 d5 3. Nc3 Nf6 4. e5 Nfd7 5. f4 c5 6. Nf3 Nc6 7. Be3 Be7 8. Qd2
O-O 9. O-O-O c4 10. f5 b5 11. g4 Qa5 12. Bh6 b4 13. Nb1 c3 14. Qe3 Qxa2 15.
bxc3 bxc3 16. Qxc3 Rb8 17. Nfd2 Nxd4 18. f6 Bb4 19. Qxd4 Ba3+ 0-1

[Event "SR 1. liga zapad 2012/2013"]
[Site "?"]
[Date "2012.10.21"]
[Round "2.4"]
[White "Obona, Jan"]
[Black "Voros, Gellert"]
[Result "1/2-1/2"]
[WhiteElo "2147"]
[BlackElo "2042"]
[PlyCount "34"]
[EventDate "2012.??.??"]

1. Nf3 d5 2. c4 c6 3. b3 Bg4 4. Bb2 Bxf3 5. exf3 e6 6. Be2 Nf6 7. O-O Bd6 8. g3
O-O 9. f4 Nbd7 10. d4 dxc4 11. bxc4 c5 12. Nd2 Qc7 13. Nb3 cxd4 14. Nxd4 a6 15.
Nf3 Rfd8 16. Qb3 Be7 17. Ne5 Ne4 1/2-1/2

[Event "SR 1. liga zapad 2012/2013"]
[Site "?"]
[Date "2012.10.21"]
[Round "2.4"]
[White "Skrabakova, Katarina"]
[Black "Sebensky, Martin"]
[Result "1-0"]
[WhiteElo "1991"]
[BlackElo "2021"]
[PlyCount "53"]
[EventDate "2012.??.??"]

1. e4 e5 2. Nf3 Nc6 3. Bc4 Nf6 4. d3 Bc5 5. c3 d6 6. Bb3 Bg4 7. Nbd2 Qe7 8. Nf1
Rd8 9. h3 Bh5 10. Ng3 Bg6 11. Bg5 h6 12. Bh4 Bh7 13. Nh5 g5 14. Nxg5 Bxf2+ 15.
Bxf2 hxg5 16. Rf1 Ng8 17. Be3 f5 18. exf5 d5 19. f6 Qf7 20. Ng7+ Kd7 21. Qg4+
Kd6 22. Qxg5 Bxd3 23. Rf2 Rh6 24. O-O-O Rg6 25. Qh4 Nxf6 26. Nh5 Be2 27. Nxf6
1-0

[Event "SR 1. liga zapad 2012/2013"]
[Site "?"]
[Date "2012.10.21"]
[Round "2.5"]
[White "Castiglione, Mario"]
[Black "Chlpik, Martin"]
[Result "1-0"]
[WhiteElo "2282"]
[BlackElo "2099"]
[PlyCount "95"]
[EventDate "2012.??.??"]

1. d4 Nf6 2. c4 c5 3. e3 g6 4. Nc3 Bg7 5. dxc5 Na6 6. Nge2 Nxc5 7. Nf4 d6 8.
Be2 O-O 9. O-O Bd7 10. f3 Bc6 11. Rb1 a5 12. e4 Qb6 13. Be3 Rfc8 14. Qd2 a4 15.
Nd3 Nfd7 16. Nd5 Qd8 17. Bg5 Bxd5 18. exd5 Ne5 19. Nxe5 Bxe5 20. f4 Bg7 21. Qe3
Qb6 22. Kh1 Rc7 23. b4 axb3 24. axb3 Nd7 25. Qxb6 Nxb6 26. Bg4 f5 27. Bf3 Ra3
28. g4 h6 29. Bh4 fxg4 30. Bxg4 Bf6 31. Bf2 Nd7 32. Rg1 Nc5 33. Bf5 g5 34. fxg5
hxg5 35. Rg3 Kf7 36. h4 Ra8 37. hxg5 Rh8+ 38. Kg2 Be5 39. Rf3 Kg7 40. Rh1 Rxh1
41. Kxh1 b5 42. cxb5 Rb7 43. b4 Na4 44. Ra3 Nc3 45. b6 Nb5 46. Ra7 Rb8 47.
Rxe7+ Kf8 48. Rc7 1-0

[Event "SR 1. liga zapad 2012/2013"]
[Site "?"]
[Date "2012.10.21"]
[Round "2.5"]
[White "Geffert, Peter"]
[Black "Hacik, Radomir"]
[Result "0-1"]
[WhiteElo "1942"]
[BlackElo "2185"]
[PlyCount "50"]
[EventDate "2012.??.??"]

1. e4 c6 2. d4 d5 3. Nc3 dxe4 4. Nxe4 Bf5 5. Ng3 Bg6 6. Nf3 Nf6 7. Bd3 e6 8. c3
Bd6 9. Bg5 Nbd7 10. Ne4 Bxe4 11. Bxe4 Qb6 12. Bc2 Qxb2 13. Bd2 Nd5 14. Rb1 Qxa2
15. Bb3 Qa6 16. Ra1 Qb6 17. c4 Nf4 18. c5 Qb5 19. Bxf4 Bxf4 20. Qc2 Nf6 21. Bc4
Qb4+ 22. Ke2 b5 23. cxb6 Qxb6 24. Rhb1 Qc7 25. Bb5 cxb5 0-1

[Event "SR 1. liga zapad 2012/2013"]
[Site "?"]
[Date "2012.10.21"]
[Round "2.5"]
[White "Hudoba, Ondrej"]
[Black "Kubala, Jan"]
[Result "1-0"]
[WhiteElo "2140"]
[BlackElo "2230"]
[PlyCount "63"]
[EventDate "2012.??.??"]

1. e4 e6 2. d4 d5 3. e5 c5 4. c3 Nc6 5. Nf3 Qb6 6. a3 Nh6 7. b4 cxd4 8. cxd4
Nf5 9. Bb2 Bd7 10. g4 Nfe7 11. Bd3 Ng6 12. Qd2 Be7 13. h4 O-O-O 14. h5 Nf8 15.
Qc1 Kb8 16. Qf4 Bxb4+ 17. Nc3 Ba5 18. O-O Nxd4 19. Rab1 Nxf3+ 20. Qxf3 Qc7 21.
Rfc1 Bc6 22. Nb5 Qd7 23. Bd4 b6 24. Nd6 f6 25. Ba6 Rg8 26. Qe3 Ka8 27. Rxc6
Qxc6 28. Bb5 Rxd6 29. Bxc6+ Rxc6 30. Rc1 Rxc1+ 31. Qxc1 Kb7 32. Qc2 1-0

[Event "SR 1. liga zapad 2012/2013"]
[Site "?"]
[Date "2012.10.21"]
[Round "2.5"]
[White "Kovac, Andrej"]
[Black "Lecky, Juraj"]
[Result "1-0"]
[WhiteElo "2148"]
[BlackElo "1810"]
[PlyCount "67"]
[EventDate "2012.??.??"]

1. d4 d5 2. c4 c6 3. e3 Nf6 4. Nf3 e6 5. b3 Bb4+ 6. Nbd2 Nbd7 7. Bd3 O-O 8. O-O
Bd6 9. Bb2 Qe7 10. Ne5 c5 11. f4 b6 12. Qf3 Bb7 13. Qh3 Rfd8 14. Ndf3 h6 15. g4
dxc4 16. bxc4 Ne4 17. g5 Bxe5 18. dxe5 hxg5 19. Bxe4 Bxe4 20. Nxg5 Bf5 21. Qg2
Bd3 22. Rf3 Nf8 23. Rh3 Bf5 24. Rg3 Bg6 25. Ne4 Rab8 26. Nd6 a6 27. e4 Nd7 28.
Rf1 Qf8 29. f5 exf5 30. exf5 Bh7 31. Nxf7 Qxf7 32. e6 Qh5 33. Rh3 Qxh3 34.
Qxg7# 1-0

[Event "SR 1. liga zapad 2012/2013"]
[Site "?"]
[Date "2012.10.21"]
[Round "2.5"]
[White "Mesaros, Jan"]
[Black "Dolnak, Michal"]
[Result "0-1"]
[WhiteElo "1880"]
[BlackElo "2115"]
[PlyCount "48"]
[EventDate "2012.??.??"]

1. c4 e5 2. Nc3 Nf6 3. g3 c6 4. d4 exd4 5. Qxd4 d5 6. Bg2 Be6 7. cxd5 cxd5 8.
Bg5 Nc6 9. Qd1 d4 10. Ne4 Bb4+ 11. Bd2 Be7 12. Nxf6+ Bxf6 13. Nf3 O-O 14. O-O
Qb6 15. e4 Qxb2 16. Rb1 Qxa2 17. Rxb7 Qa6 18. Rb1 Rac8 19. Bf4 Rfd8 20. Ra1 Qc4
21. e5 Be7 22. Nd2 Qb5 23. Rb1 Nb4 24. Ne4 a5 0-1

[Event "SR 1. liga zapad 2012/2013"]
[Site "?"]
[Date "2012.10.21"]
[Round "2.5"]
[White "Peitl, Tomas"]
[Black "Svaralova, Monika"]
[Result "0-1"]
[WhiteElo "2220"]
[BlackElo "2021"]
[PlyCount "54"]
[EventDate "2012.??.??"]

1. e4 e6 2. d4 d5 3. e5 c5 4. Qg4 cxd4 5. Nf3 Nc6 6. Bd3 Nge7 7. O-O Qc7 8. Re1
Bd7 9. a3 O-O-O 10. b4 f6 11. Qg3 Nxe5 12. Nxe5 fxe5 13. Rxe5 Nc6 14. Re1 Bd6
15. f4 e5 16. fxe5 Nxe5 17. Bf4 Nf3+ 18. Qxf3 Bxf4 19. Qh5 Rhf8 20. a4 Rf6 21.
h3 Be3+ 22. Kh1 Qg3 23. Rxe3 dxe3 24. Nc3 Rh6 25. Ne2 Qf2 26. Qxd5 Bxh3 27.
Qc4+ Rc6 0-1

[Event "SR 1. liga zapad 2012/2013"]
[Site "?"]
[Date "2012.10.21"]
[Round "2.6"]
[White "Bezuch, Martin"]
[Black "Lakatos, Vladimir"]
[Result "1-0"]
[WhiteElo "2291"]
[BlackElo "2155"]
[PlyCount "103"]
[EventDate "2012.??.??"]

1. e4 c5 2. Nf3 e6 3. d3 Nc6 4. g3 Nf6 5. Bg2 d5 6. Nbd2 Be7 7. O-O O-O 8. Re1
Qc7 9. c3 dxe4 10. dxe4 e5 11. h3 h6 12. Nh4 Rd8 13. Qf3 Be6 14. Nf5 Ne8 15.
Nxe7+ Qxe7 16. Nf1 Rac8 17. Ne3 Qf6 18. Qe2 Nc7 19. h4 Kh7 20. Nf5 Ne7 21. Qh5
Bxf5 22. exf5 Ncd5 23. c4 Nb4 24. Bg5 Qd6 25. f6 Ng8 26. Qxf7 Nxf6 27. Bxf6
Qxf6 28. Qxb7 Rf8 29. Re2 Kh8 30. Qxa7 Nc6 31. Bxc6 Rxc6 32. Qa4 e4 33. Qc2 Re6
34. Rae1 Rb6 35. b3 Rd6 36. Qxe4 Rd4 37. Qe7 Qf5 38. Qxf8+ Qxf8 39. Re8 Kg8 40.
Rxf8+ Kxf8 41. Re5 Rd1+ 42. Kg2 Ra1 43. Rxc5 Rxa2 44. b4 Rb2 45. b5 Ke7 46.
Rc7+ Kf6 47. Rc6+ Ke7 48. b6 Kd7 49. Rc7+ Kd8 50. c5 g5 51. hxg5 hxg5 52. Rg7
1-0

[Event "SR 1. liga zapad 2012/2013"]
[Site "?"]
[Date "2012.10.21"]
[Round "2.6"]
[White "Certek, Pavel"]
[Black "Kaniansky, Miroslav"]
[Result "1-0"]
[WhiteElo "2315"]
[BlackElo "2209"]
[PlyCount "100"]
[EventDate "2012.??.??"]

1. d4 d5 2. c4 c6 3. Nf3 Nf6 4. e3 Bg4 5. Qb3 Qb6 6. Ne5 Be6 7. Nc3 dxc4 8.
Bxc4 Bxc4 9. Qxc4 e6 10. O-O Bd6 11. b3 Qa6 12. Qxa6 Nxa6 13. Nc4 Bb4 14. Bb2
O-O 15. Rfc1 Rfd8 16. a3 Be7 17. b4 Nc7 18. Na5 Rab8 19. Rc2 Ncd5 20. Ne2 Rdc8
21. Nc1 Bd8 22. Nab3 a5 23. Nxa5 Bxa5 24. bxa5 Ra8 25. Nb3 Ne4 26. Bc1 f5 27.
f3 Nd6 28. Bd2 Kf7 29. Kf2 Nf6 30. Ke2 Re8 31. Bb4 Nb5 32. a4 Nc7 33. Kf2 Ncd5
34. Bd2 e5 35. Rb1 Nd7 36. dxe5 Rxe5 37. Nd4 Ra7 38. a6 Rxa6 39. Rxb7 N5f6 40.
Rxc6 Rxa4 41. Rxf6+ Kxf6 42. Rxd7 Ra2 43. Ke2 f4 44. e4 Rg5 45. Kd3 Rxg2 46.
Bc3 Ra3 47. Nf5+ Rxc3+ 48. Kxc3 g6 49. Nh6 Kg5 50. Rxh7 Rf2 1-0

[Event "SR 1. liga zapad 2012/2013"]
[Site "?"]
[Date "2012.10.21"]
[Round "2.6"]
[White "Detko, Jan"]
[Black "Privara, Igor"]
[Result "0-1"]
[WhiteElo "2163"]
[BlackElo "2278"]
[PlyCount "34"]
[EventDate "2012.??.??"]

1. e4 c5 2. Nc3 Nc6 3. Bb5 g6 4. Bxc6 bxc6 5. d3 Bg7 6. f4 d5 7. Nf3 Bxc3+ 8.
bxc3 dxe4 9. dxe4 Qa5 10. O-O Qxc3 11. Bd2 Qc4 12. Qe1 Nf6 13. Bc3 O-O 14. Ne5
Qxe4 15. Qf2 Bf5 16. Qxc5 Rac8 17. Rae1 Qxc2 0-1

[Event "SR 1. liga zapad 2012/2013"]
[Site "?"]
[Date "2012.10.21"]
[Round "2.6"]
[White "Dobrotka, Martin"]
[Black "Zetocha, Claudiu"]
[Result "1-0"]
[WhiteElo "2235"]
[BlackElo "2360"]
[PlyCount "124"]
[EventDate "2012.??.??"]

1. d4 e6 2. c4 c5 3. Nf3 cxd4 4. Nxd4 a6 5. g3 Qc7 6. b3 Bb4+ 7. Bd2 Bc5 8. Bc3
Nf6 9. Bg2 O-O 10. O-O d5 11. cxd5 Nxd5 12. Bxd5 exd5 13. Qd3 Nc6 14. Nxc6 bxc6
15. Bxg7 Bxf2+ 16. Rxf2 Kxg7 17. Qd4+ f6 18. Nc3 Be6 19. Na4 Qe5 20. Rd1 a5 21.
Nc5 Bc8 22. Qd2 Rd8 23. Rf4 Ra7 24. Nd3 Qg5 25. Qe3 Rf7 26. Qf2 Bg4 27. h4 Qh5
28. Ra4 Re7 29. Nf4 Qe5 30. Rc1 Rd6 31. Rxa5 Qb2 32. Re1 Qd2 33. Ra4 d4 34. Rc4
d3 35. Nxd3 Rxd3 36. Rxg4+ Kf7 37. Rf4 Rd6 38. e4 Qc3 39. Kg2 Rd2 40. Re2 Red7
41. Rf3 Rxe2 42. Rxc3 Rxf2+ 43. Kxf2 Rd2+ 44. Kf3 Rxa2 45. Rxc6 h5 46. Rb6 Rb2
47. b4 Rb1 48. b5 Rf1+ 49. Ke2 Rg1 50. Kf2 Rb1 51. Ke3 Rg1 52. Kf2 Rb1 53. Ke3
Rg1 54. Kf2 Rb1 55. Rb8 Rb3 56. b6 Kg7 57. b7 Rb2+ 58. Ke3 Rb1 59. Kd4 Rd1+ 60.
Kc5 Rb1 61. Kd6 Rb2 62. Re8 Rxb7 1-0

[Event "SR 1. liga zapad 2012/2013"]
[Site "?"]
[Date "2012.10.21"]
[Round "2.6"]
[White "Hanko, Pavol"]
[Black "Petran, Peter"]
[Result "0-1"]
[WhiteElo "2157"]
[BlackElo "2277"]
[PlyCount "68"]
[EventDate "2012.??.??"]

1. d4 g6 2. Nf3 Bg7 3. c4 c5 4. d5 f5 5. Nc3 d6 6. g3 Nf6 7. Bg2 O-O 8. O-O Na6
9. e4 fxe4 10. Ng5 Bg4 11. Qb3 Rb8 12. Ncxe4 Nxe4 13. Nxe4 Nc7 14. a4 b6 15.
Bg5 a6 16. Nc3 h6 17. Bd2 Qd7 18. Qc2 Bf5 19. Be4 b5 20. cxb5 axb5 21. a5 Kh7
22. a6 Ra8 23. a7 b4 24. Ne2 Nxd5 25. Bxf5 Rxf5 26. Qd3 Rxa7 27. Rxa7 Qxa7 28.
g4 Re5 29. Bf4 Rxe2 30. Qxd5 Qd7 31. h3 Qe6 32. Qd3 Qe4 33. Qg3 Rxb2 34. Be3 b3
0-1

[Event "SR 1. liga zapad 2012/2013"]
[Site "?"]
[Date "2012.10.21"]
[Round "2.6"]
[White "Ruckschloss, Karol"]
[Black "Pinter, Patrik"]
[Result "1-0"]
[WhiteElo "2242"]
[BlackElo "2164"]
[PlyCount "55"]
[EventDate "2012.??.??"]

1. c4 g6 2. d4 Bg7 3. Nc3 c5 4. d5 d6 5. e4 Nf6 6. Be2 O-O 7. h4 e6 8. h5 exd5
9. exd5 Na6 10. g4 Re8 11. Kf1 Nc7 12. a4 Ne4 13. Nxe4 Rxe4 14. f3 Re8 15. Nh3
Qf6 16. Kg2 Qe5 17. Bd3 Bf6 18. Ra2 Qe7 19. b3 Bd7 20. Bf4 Be5 21. Bh6 Bf6 22.
Nf2 a6 23. Ne4 Be5 24. Qe1 b5 25. hxg6 fxg6 26. Bg5 Qg7 27. Qh4 Rf8 28. Bh6 1-0

[Event "SR 1. liga zapad 2012/2013"]
[Site "?"]
[Date "2012.10.21"]
[Round "2.6"]
[White "Sulek, Viliam"]
[Black "Reisel, Frantisek"]
[Result "1-0"]
[WhiteElo "2062"]
[BlackElo "2005"]
[PlyCount "39"]
[EventDate "2012.??.??"]

1. e4 d6 2. d4 Nf6 3. Nc3 c6 4. g3 g6 5. Bg2 Bg7 6. Nge2 O-O 7. O-O e5 8. h3
Qc7 9. Be3 Nbd7 10. a4 b6 11. Qd2 Re8 12. Rfd1 Bb7 13. dxe5 dxe5 14. Qd6 Qc8
15. a5 Bf8 16. Qd2 Qc7 17. axb6 axb6 18. Rxa8 Bxa8 19. g4 b5 20. g5 1-0

[Event "SR 1. liga zapad 2012/2013"]
[Site "?"]
[Date "2012.10.21"]
[Round "2.6"]
[White "Vrablik, Miroslav"]
[Black "Kolcak, Marek"]
[Result "1-0"]
[WhiteElo "2049"]
[BlackElo "2167"]
[PlyCount "79"]
[EventDate "2012.??.??"]

1. e4 e6 2. d4 d5 3. Nc3 Nf6 4. e5 Nfd7 5. Nf3 c5 6. dxc5 Bxc5 7. Bd3 Nc6 8.
Bf4 h6 9. O-O O-O 10. Qd2 f5 11. exf6 Qxf6 12. Bg3 Bb4 13. Rae1 d4 14. Ne4 Bxd2
15. Nxf6+ gxf6 16. Nxd2 Nde5 17. Bb5 Kg7 18. h3 a6 19. Ba4 b5 20. Bb3 Re8 21.
f4 Nf7 22. a3 Ra7 23. Bd5 Bd7 24. Bf3 Nd6 25. Bf2 e5 26. c3 dxc3 27. bxc3 Rc7
28. Bc5 Nc4 29. Nxc4 bxc4 30. Bh5 Re6 31. Rd1 Nb8 32. Bd6 Rb7 33. fxe5 fxe5 34.
Rf7+ Kg8 35. Bxb8 Rxb8 36. Rfxd7 Rf8 37. Be2 Rc6 38. R1d6 Rfc8 39. Bf3 Rxd6 40.
Rxd6 1-0

[Event "SR 1. liga zapad 2012/2013"]
[Site "?"]
[Date "2012.12.08"]
[Round "3.1"]
[White "Barczi, Tibor"]
[Black "Federic, Jozef"]
[Result "1/2-1/2"]
[WhiteElo "2070"]
[BlackElo "2299"]
[PlyCount "93"]
[EventDate "2012.??.??"]

1. d4 d5 2. c3 Nf6 3. e3 Bf5 4. f4 e6 5. Nf3 Nbd7 6. g3 Be7 7. Bg2 Ne4 8. Nbd2
Nd6 9. O-O h5 10. h3 Bd3 11. Re1 Nf5 12. Kh2 g5 13. Ne5 Nxe5 14. fxe5 g4 15. e4
dxe4 16. Nxe4 Bxe4 17. Bxe4 c6 18. Bxf5 exf5 19. Rf1 h4 20. hxg4 hxg3+ 21. Kxg3
Bh4+ 22. Kg2 Qd5+ 23. Qf3 fxg4 24. Qxd5 cxd5 25. Rf5 Ke7 26. Bg5+ Bxg5 27. Rxg5
Rag8 28. Rxg8 Rxg8 29. Kg3 f5 30. exf6+ Kxf6 31. Re1 Rg5 32. Rf1+ Ke6 33. Rf4
Rh5 34. Rxg4 Rh1 35. Rf4 Rg1+ 36. Kh2 Rg7 37. Rf3 Kd6 38. Rg3 Re7 39. Rg6+ Kc7
40. Rg2 b5 41. Kg3 a5 42. Kf3 b4 43. Re2 Rh7 44. Ke3 Kc6 45. Kd3 Rh3+ 46. Kc2
Kb5 47. cxb4 1/2-1/2

[Event "SR 1. liga zapad 2012/2013"]
[Site "?"]
[Date "2012.12.08"]
[Round "3.1"]
[White "Helbich, Branislav"]
[Black "Cseplo, Stefan"]
[Result "1-0"]
[WhiteElo "2036"]
[BlackElo "1773"]
[PlyCount "141"]
[EventDate "2012.??.??"]

1. e4 c5 2. Nf3 d6 3. d4 cxd4 4. Nxd4 g6 5. c4 Bg7 6. Be3 Nf6 7. Nc3 Nbd7 8. h3
Nc5 9. Qc2 a5 10. Be2 Bd7 11. O-O Qc8 12. Kh2 h5 13. f3 h4 14. Rad1 Nh5 15. Nd5
Ng3 16. Rf2 Rb8 17. Nb6 Qc7 18. Nxd7 Nxd7 19. Nb5 Qc6 20. Na7 Qc7 21. Nb5 Qc6
22. Bd3 Ne5 23. Nd4 Qc7 24. Ne2 Nxd3 25. Rxd3 b5 26. b3 Nxe2 27. Rxe2 d5+ 28.
Kh1 dxc4 29. Rd5 O-O 30. Bg1 Rfd8 31. Bh2 e5 32. Red2 Rxd5 33. Rxd5 Kh7 34. Bg1
Bf8 35. Bf2 Be7 36. Qd1 Rd8 37. bxc4 bxc4 38. Rxd8 Qxd8 39. Qxd8 Bxd8 40. Be1
Kg7 41. a4 Kf8 42. Kg1 Ke8 43. Kf1 Kd7 44. Ke2 Ke6 45. Kd1 Kd6 46. Kc2 g5 47.
Kc3 Kc6 48. Kxc4 Bc7 49. g3 hxg3 50. Bxg3 f6 51. Bf2 Bd6 52. Be1 Bc7 53. h4
gxh4 54. Bxh4 Bd8 55. Be1 Bc7 56. Bd2 Bd8 57. f4 Bc7 58. fxe5 fxe5 59. Bc3 Kb6
60. Kd5 Bd8 61. Bxe5 Be7 62. Bd4+ Ka6 63. Kc6 Bf8 64. e5 Be7 65. e6 Bh4 66. Bc3
Be7 67. Bd4 Bh4 68. Bb6 Be7 69. Kd7 Bg5 70. Bc7 Bc1 71. Bd6 1-0

[Event "SR 1. liga zapad 2012/2013"]
[Site "?"]
[Date "2012.12.08"]
[Round "3.1"]
[White "Kralova, Katarina"]
[Black "Antol, Ladislav"]
[Result "1-0"]
[WhiteElo "1921"]
[BlackElo "2077"]
[PlyCount "77"]
[EventDate "2012.??.??"]

1. d4 Nf6 2. c4 e5 3. e3 exd4 4. exd4 Bb4+ 5. Bd2 Qe7+ 6. Ne2 O-O 7. a3 Bxd2+
8. Nxd2 Re8 9. Qc2 d5 10. O-O-O dxc4 11. Nc3 a6 12. Nxc4 b5 13. Ne3 b4 14. axb4
Bg4 15. Nxg4 Nxg4 16. Bd3 h6 17. Ne4 Nd7 18. Nc5 Nxc5 19. bxc5 Qf6 20. Bf5 Qg5+
21. Kb1 g6 22. Bd7 Re7 23. h4 Qh5 24. Bxg4 Qxg4 25. f3 Qf4 26. Qd2 Qxd2 27.
Rxd2 Rae8 28. Kc2 Re1 29. Rxe1 Rxe1 30. Kd3 c6 31. Kc4 Rh1 32. Kb4 Kf8 33. Ka5
Ke7 34. Kxa6 Rxh4 35. Kb6 Kd7 36. Kb7 Rf4 37. b4 h5 38. b5 cxb5 39. c6+ 1-0